UBT Library

Biological science : (Record no. 41507)

000 -LEADER
fixed length control field 00536nam a2200205 a 4500
001 - CONTROL NUMBER
control field 4746159
005 - DATE AND TIME OF LATEST TRANSACTION
control field 20180201051724.0
008 - FIXED-LENGTH DATA ELEMENTS--GENERAL INFORMATION
fixed length control field 841114s1980 onca 001 0 eng
010 ## - LIBRARY OF CONGRESS CONTROL NUMBER
LC control number 84238792
020 ## - INTERNATIONAL STANDARD BOOK NUMBER
International Standard Book Number 0130765627
040 ## - CATALOGING SOURCE
Original cataloging agency DLC
Transcribing agency DLC
Modifying agency DLC
041 ## - LANGUAGE CODE
Language code of text/sound track or separate title eng
080 ## - UNIVERSAL DECIMAL CLASSIFICATION NUMBER
Universal Decimal Classification number 574574 SCO
082 00 - DEWEY DECIMAL CLASSIFICATION NUMBER
Classification number 574 SCO
Edition number 19
100 ## - Rafti
Rafti 11
101 ## - Shkurtesa
Shkurtesa BIO
245 00 - TITLE STATEMENT
Title Biological science :
Statement of responsibility, etc William A. Andrews ... [et al.].
906 ## - LOCAL DATA ELEMENT F, LDF (RLIN)
a 7
b cbc
c orignew
d 3
e ncip
f 19
g y-gencatlg
942 ## - ADDED ENTRY ELEMENTS (KOHA)
Source of classification or shelving scheme
Item type Books
Holdings
Withdrawn status Lost status Source of classification or shelving scheme Damaged status Not for loan Collection code Permanent location Current location Shelving location Date acquired Total Checkouts Full call number Barcode Date last seen Price effective from Koha item type
          Koleksioni i përgjithshem UBT - Lipjan UBT - Lipjan Koleksioni i përgjithshem 02/01/2018   574 SCO 002-2997782 02/01/2018 02/01/2018 Books
UBT Library © 2015-2024. All rights reserved University Education for Business and Technology